Vista normal Vista MARC

Entrada Materia (personas)

Número de registros utilizados en: 1

001 - CONTROL NUMBER

  • control field: 161632

003 - CONTROL NUMBER IDENTIFIER

  • control field: Co-BoUCM

005 - DATE AND TIME OF LATEST TRANSACTION

  • control field: 20211110134308.0

008 - FIXED-LENGTH DATA ELEMENTS

  • fixed length control field: 211110|| aca||aabn | a|a d

040 ## - CATALOGING SOURCE

  • Original cataloging agency: Co-BoUCM
  • Transcribing agency: Co-BoUCM

100 ## - HEADING--PERSONAL NAME

  • Personal name: Salazar, Adolfo
  • Dates associated with a name: 1890-1958

670 ## - SOURCE DATA FOUND

  • Source citation: Work cat.: (Co-BoUCM)44690: Salazar, Adolfo 1890-1958., La danza y el ballet introducción al conocimiento de la danza de arte y del ballet, 1997